[Event "13th Reykjavik op"]
[Site "Reykjavik ISL"]
[Date "1988.03.04"]
[Round "9.15"]
[White "Karason, Askell Orn"]
[Black "Ostenstad, Berge"]
[Result "0-1"]
[WhiteElo "2235"]
[BlackElo "2410"]
[EventDate "1988.02.23"]
[PlyCount "84"]

1.d4 Nf6 2.c4 e6 3.Nc3 Bb4 4.Nf3 b6 5.Qb3 a5 6.a3 a4 7.Qc2 Bxc3+ 8.Qxc3 
Bb7 9.Bg5 h6 10.Bh4 d6 11.e3 Nbd7 12.Rd1 g5 13.Bg3 Ne4 14.Qc2 f5 15.Nd2 
Qf6 16.f3 Nxd2 17.Rxd2 f4 18.exf4 gxf4 19.Bf2 Ra5 20.Kd1 Rg8 21.Kc1 Kd8 
22.Be1 Bc6 23.Rd1 Rh5 24.Bc3 Qg6 25.Qf2 e5 26.d5 Bb7 27.Bb4 Bc8 28.Rd2 Nf8
29.Qe2 Qe8 30.Bc3 Ng6 31.Qf2 Ne7 32.Bd3 Nf5 33.Bxf5 Bxf5 34.Qe1 Kc8 35.Qd1
Rhg5 36.Rg1 Kb8 37.Re2 R5g7 38.Be1 Qh5 39.h4 e4 40.fxe4 Bg4 41.Qxa4 Bxe2 
42.c5 dxc5 0-1

[Event "13th Reykjavik op"]
[Site "Reykjavik ISL"]
[Date "1988.03.04"]
[Round "9.17"]
[White "Sorensen, Torben"]
[Black "Hansson, Dan"]
[Result "1/2-1/2"]
[WhiteElo "2360"]
[BlackElo "2280"]
[EventDate "1988.02.23"]
[PlyCount "45"]

1.Nf3 Nf6 2.c4 g6 3.Nc3 Bg7 4.g3 O-O 5.Bg2 c6 6.O-O d5 7.cxd5 cxd5 8.d4 
Ne4 9.Ne5 f6 10.Nd3 Nc6 11.Nf4 e6 12.Nxe4 dxe4 13.d5 exd5 14.Qxd5+ Qxd5 
15.Nxd5 f5 16.Rd1 Kf7 17.Nc7 Rb8 18.Bf4 Bxb2 19.Rab1 Be5 20.f3 Bxf4 21.
gxf4 e3 22.Rb3 Rd8 23.Rxd8 1/2-1/2

[Event "13th Reykjavik op"]
[Site "Reykjavik ISL"]
[Date "1988.03.04"]
[Round "9.25"]
[White "Halldorsson, Bragi"]
[Black "Briem, Stefan"]
[Result "1-0"]
[WhiteElo "2260"]
[BlackElo "2225"]
[EventDate "1988.02.23"]
[PlyCount "77"]

1.d4 d6 2.e4 Nf6 3.Nc3 g6 4.f3 Bg7 5.Be3 O-O 6.Bc4 Nbd7 7.Nge2 c6 8.Bb3 e5
9.Qd2 a6 10.a4 a5 11.O-O Qc7 12.Rad1 Ne8 13.f4 exd4 14.Bxd4 Bxd4+ 15.Nxd4 
Nc5 16.Ba2 Bg4 17.Rde1 Be6 18.Nxe6 fxe6 19.f5 gxf5 20.exf5 d5 21.Qd4 b6 
22.fxe6 Rxf1+ 23.Rxf1 Nxe6 24.Nxd5 cxd5 25.Qxd5 Qc8 26.Qxe6+ Qxe6 27.Bxe6+
Kg7 28.Rf7+ Kg6 29.Rb7 Nf6 30.Rxb6 Rd8 31.Rb5 Kg7 32.h3 Rd2 33.Bf5 h5 34.
Bd3 h4 35.Rxa5 Kh6 36.Rf5 Nh5 37.Rf2 Rd1+ 38.Rf1 Rd2 39.a5 1-0

[Event "13th Reykjavik op"]
[Site "Reykjavik ISL"]
[Date "1988.03.05"]
[Round "10.1"]
[White "Arnason, Jon"]
[Black "Dolmatov, Sergei"]
[Result "1/2-1/2"]
[WhiteElo "2510"]
[BlackElo "2565"]
[EventDate "1988.02.23"]
[PlyCount "25"]

1.e4 e6 2.d4 d5 3.Nc3 Nf6 4.e5 Nfd7 5.f4 c5 6.Nf3 Nc6 7.Be3 cxd4 8.Nxd4 
Bc5 9.Qd2 Nxd4 10.Bxd4 Bxd4 11.Qxd4 Qb6 12.O-O-O Qxd4 13.Rxd4 1/2-1/2

[Event "13th Reykjavik op"]
[Site "Reykjavik ISL"]
[Date "1988.03.05"]
[Round "10.2"]
[White "Adorjan, Andras"]
[Black "Kotronias, Vasilios"]
[Result "1/2-1/2"]
[WhiteElo "2540"]
[BlackElo "2475"]
[EventDate "1988.02.23"]
[PlyCount "35"]

1.c4 f5 2.d4 Nf6 3.g3 g6 4.Bg2 Bg7 5.Nf3 O-O 6.O-O d6 7.Nc3 Qe8 8.Nd5 Nxd5
9.cxd5 a5 10.e4 fxe4 11.Ng5 c6 12.Bxe4 h6 13.Nf3 Qf7 14.Nh4 Bf5 15.Nxf5 
gxf5 16.Bf3 cxd5 17.Bh5 Qf6 18.Qb3 1/2-1/2

[Event "13th Reykjavik op"]
[Site "Reykjavik ISL"]
[Date "1988.03.05"]
[Round "10.4"]
[White "Dizdar, Goran"]
[Black "Hoi, Carsten"]
[Result "1-0"]
[WhiteElo "2490"]
[BlackElo "2405"]
[EventDate "1988.02.23"]
[PlyCount "180"]

1.Nf3 Nf6 2.g3 g6 3.b3 Bg7 4.Bb2 O-O 5.Bg2 d6 6.d4 c6 7.O-O Bf5 8.Nbd2 d5 
9.c4 Ne4 10.Re1 Nxd2 11.Nxd2 a5 12.e4 dxe4 13.Nxe4 Bxe4 14.Bxe4 Nd7 15.Qd2
Qc7 16.Rad1 Rad8 17.Bg2 Rfe8 18.d5 cxd5 19.Bxg7 Kxg7 20.Bxd5 Nc5 21.Qc3+ 
Kg8 22.a3 Qb6 23.b4 axb4 24.axb4 Na6 25.Rb1 e6 26.c5 Qc7 27.Bf3 Nb8 28.
Red1 Nc6 29.Rbc1 Ne7 30.Qc4 Nc6 31.Qc3 Ne7 32.Kg2 Nd5 33.Qc4 Qe5 34.b5 Re7
35.Rd4 Red7 36.Rcd1 Kg7 37.c6 bxc6 38.bxc6 Rc7 39.Bxd5 exd5 40.Rxd5 Rxd5 
41.Rxd5 Qe6 42.Qc3+ Qf6 43.Rc5 Qxc3 44.Rxc3 Kf6 45.g4 Ke5 46.Kf3 f6 47.h4 
Kd5 48.Rd3+ Kxc6 49.Rd8 Rd7 50.Rf8 Rd6 51.Rh8 Rd7 52.Rf8 Rd6 53.Rf7 h5 54.
gxh5 gxh5 55.Ke4 Rd2 56.Ke3 Rd6 57.Ke4 Rd2 58.Rxf6+ Kd7 59.Ke3 Rd5 60.Rg6 
Re5+ 61.Kf4 Re8 62.Rg5 Rh8 63.Re5 Kd6 64.Ke4 Ra8 65.f4 Ra1 66.Kf5 Rg1 67.
Re6+ Kd7 68.Rh6 Ke7 69.Rxh5 Kf7 70.Rh7+ Kg8 71.Ra7 Rh1 72.h5 Rb1 73.Kg5 
Rg1+ 74.Kf6 Rb1 75.f5 Rf1 76.Rg7+ Kh8 77.Re7 Kg8 78.Rg7+ Kh8 79.Rd7 Kg8 
80.Re7 Rf2 81.Re8+ Kh7 82.Ke6 Ra2 83.f6 Ra6+ 84.Kf7 Ra7+ 85.Kf8 Rb7 86.f7 
Ra7 87.Rd8 Ra2 88.Ke8 Re2+ 89.Kd7 Rd2+ 90.Kc7 Rf2 1-0

[Event "13th Reykjavik op"]
[Site "Reykjavik ISL"]
[Date "1988.03.05"]
[Round "10.5"]
[White "Petursson, Margeir"]
[Black "Tisdall, Jonathan"]
[Result "1-0"]
[WhiteElo "2540"]
[BlackElo "2425"]
[EventDate "1988.02.23"]
[PlyCount "71"]

1.d4 Nf6 2.c4 g6 3.Nc3 d5 4.cxd5 Nxd5 5.e4 Nxc3 6.bxc3 Bg7 7.Bc4 O-O 8.Ne2
Nc6 9.Bg5 Qd7 10.Qd2 Na5 11.Bd3 b6 12.Bh6 c5 13.h4 cxd4 14.Bxg7 Kxg7 15.
cxd4 f6 16.Rc1 Bb7 17.h5 g5 18.h6+ Kh8 19.O-O Rad8 20.f4 gxf4 21.Rxf4 Rg8 
22.Rf2 Nc6 23.Bc4 Rg4 24.Bd5 e6 25.Bxc6 Bxc6 26.d5 Bb5 27.Nf4 exd5 28.Nxd5
Qe6 29.Qb2 Rxe4 30.Nxf6 Re2 31.Rxe2 Qxe2 32.Qc3 Rd1+ 33.Rxd1 Qxd1+ 34.Kh2 
Qd6+ 35.g3 Qc6 36.Qb2 1-0

[Event "13th Reykjavik op"]
[Site "Reykjavik ISL"]
[Date "1988.03.05"]
[Round "10.7"]
[White "Olafsson, Helgi"]
[Black "Schoen, Wolfram"]
[Result "1-0"]
[WhiteElo "2510"]
[BlackElo "2450"]
[EventDate "1988.02.23"]
[PlyCount "115"]

1.Nf3 c5 2.c4 Nf6 3.Nc3 d5 4.cxd5 Nxd5 5.d4 g6 6.Nxd5 Qxd5 7.Qc2 Bf5 8.
Qxc5 Qxc5 9.dxc5 Bg7 10.e3 O-O 11.Nd4 Be4 12.f3 Bd5 13.Bd2 Nd7 14.b4 e5 
15.e4 Bxe4 16.Ne6 fxe6 17.fxe4 Nf6 18.Bd3 Ng4 19.Rf1 Rxf1+ 20.Bxf1 Rd8 21.
Be2 Nf6 22.Be3 Nxe4 23.Bf3 Nc3 24.Bxb7 Rd3 25.Bd2 e4 26.Ba6 Rd8 27.a3 Be5 
28.g3 Rf8 29.Rc1 Nd5 30.Rc2 Rf3 31.Bc1 Ne3 32.Rf2 Ng4 33.Rxf3 exf3 34.Bf4 
Bd4 35.c6 f2+ 36.Kd1 Bb6 37.h3 e5 38.hxg4 exf4 39.gxf4 Bc7 40.f5 gxf5 41.
gxf5 Kf7 42.Ke2 Kf6 43.Bd3 Bb6 44.a4 a5 45.bxa5 Bxa5 46.Kxf2 Ke5 47.Kg3 
Bd8 48.Kg4 Kd6 49.Kh5 Kxc6 50.Kh6 Kd6 51.Kxh7 Bf6 52.a5 Ke7 53.a6 Bd4 54.
Kg6 Ba7 55.f6+ Kf8 56.Kf5 Bd4 57.Ke6 Ba7 58.Bc4 1-0

[Event "13th Reykjavik op"]
[Site "Reykjavik ISL"]
[Date "1988.03.05"]
[Round "10.8"]
[White "Gausel, Einar"]
[Black "Stefansson, Hannes Hlifar"]
[Result "1-0"]
[WhiteElo "2360"]
[BlackElo "2395"]
[EventDate "1988.02.23"]
[PlyCount "99"]

1.d4 e6 2.c4 Nf6 3.Nf3 c5 4.e3 d5 5.Nc3 Nc6 6.a3 Ne4 7.Bd3 Nxc3 8.bxc3 Be7
9.O-O O-O 10.a4 dxc4 11.Bxc4 b6 12.Qe2 Bb7 13.Rd1 Na5 14.Bd3 cxd4 15.cxd4 
Qd5 16.Bd2 Qh5 17.Rdb1 Bxf3 18.Qxf3 Qxf3 19.gxf3 Rfc8 20.Rb5 Nc4 21.Bxc4 
Rxc4 22.a5 bxa5 23.Rbxa5 Rc7 24.Ra6 Rd7 25.R1a4 Kf8 26.f4 Ke8 27.Kg2 Rb7 
28.e4 Bd8 29.Be3 Bb6 30.d5 Rd8 31.dxe6 fxe6 32.Rb4 Rd6 33.Kf3 Kd7 34.h4 
Kc8 35.e5 Rc6 36.Rb3 Kb8 37.Rba3 Rbc7 38.h5 Rc3 39.Kg4 Rxa3 40.Rxa3 Bxe3 
41.fxe3 Rc6 42.e4 a6 43.f5 exf5+ 44.exf5 Kc8 45.Rd3 h6 46.e6 Rc4+ 47.Kf3 
Rc7 48.Ke4 Rc4+ 49.Kd5 Rc1 50.e7 1-0

[Event "13th Reykjavik op"]
[Site "Reykjavik ISL"]
[Date "1988.03.05"]
[Round "10.9"]
[White "Polugaevsky, Lev"]
[Black "Vidarsson, Jon"]
[Result "1-0"]
[WhiteElo "2575"]
[BlackElo "2305"]
[EventDate "1988.02.23"]
[PlyCount "89"]

1.d4 Nf6 2.c4 e6 3.Nf3 d5 4.Nc3 dxc4 5.e3 c5 6.Bxc4 Be7 7.O-O O-O 8.Qe2 
Nc6 9.Rd1 cxd4 10.exd4 Na5 11.Bd3 b6 12.Bg5 Bb7 13.Rac1 Rc8 14.Ba6 Bxa6 
15.Qxa6 Nc6 16.Ne5 h6 17.Be3 Nd5 18.Nxc6 Rxc6 19.Nxd5 Qxd5 20.Rxc6 Qxc6 
21.Qxa7 Bf6 22.Rc1 Qd6 23.Qa4 Qd5 24.Qc6 Qxa2 25.Qxb6 Rd8 26.h3 Qd5 27.Rc5
Bxd4 28.Rxd5 Bxb6 29.Rxd8+ Bxd8 30.Bc5 f6 31.Kf1 Kf7 32.Ke2 g6 33.Kd3 Ke8 
34.Kc4 Kd7 35.Kb5 Bc7 36.b4 h5 37.Ka6 Kc8 38.b5 Bb8 39.b6 e5 40.b7+ Kc7 
41.Bb6+ Kc6 42.Ba7 Kc7 43.Bxb8+ Kxb8 44.Kb6 f5 45.h4 1-0

[Event "13th Reykjavik op"]
[Site "Reykjavik ISL"]
[Date "1988.03.05"]
[Round "10.10"]
[White "Ostenstad, Berge"]
[Black "Christiansen, Larry"]
[Result "1-0"]
[WhiteElo "2410"]
[BlackElo "2575"]
[EventDate "1988.02.23"]
[PlyCount "125"]

1.d4 Nf6 2.Nf3 g6 3.Bg5 Bg7 4.c3 h6 5.Bh4 d6 6.Nbd2 O-O 7.e4 Nc6 8.Qc2 Nh5
9.Bc4 g5 10.Bg3 e6 11.O-O Bd7 12.Ne1 Kh8 13.Be2 Nxg3 14.fxg3 Ne7 15.g4 c5 
16.dxc5 dxc5 17.Nc4 Qc7 18.Rd1 Bc6 19.a4 Ng6 20.g3 Ne5 21.Nxe5 Qxe5 22.Nd3
Qxe4 23.Bf3 Qe3+ 24.Kg2 Bxf3+ 25.Rxf3 Qe4 26.Ne1 Qc6 27.Kg1 c4 28.Rf2 Rae8
29.Ng2 Kg8 30.Rfd2 Re7 31.Rd6 Qf3 32.Qf2 Qxg4 33.Qxa7 Qe4 34.a5 Be5 35.
R6d2 Qc6 36.Ne3 Rc7 37.Ng4 Bg7 38.Rd6 Qe4 39.Nf2 Qe5 40.a6 Qa5 41.Rb6 Be5 
42.Rxb7 Rxb7 43.Qxb7 Bc7 44.Qc6 Bb6 45.Qxc4 Bxf2+ 46.Kxf2 Qb6+ 47.Qd4 
Qxb2+ 48.Kg1 Qe2 49.a7 e5 50.Qd3 Qa2 51.Qe3 Re8 52.Qf2 Qc4 53.Ra1 Qc6 54.
Qe3 f6 55.c4 Kg7 56.Qd3 Qb6+ 57.Kh1 Ra8 58.Qd7+ Kg6 59.Qd3+ f5 60.Qd7 Kh5 
61.h3 Qf6 62.Ra6 Qf8 63.Qc6 1-0

[Event "13th Reykjavik op"]
[Site "Reykjavik ISL"]
[Date "1988.03.05"]
[Round "10.14"]
[White "Arnason, Asgeir Thor"]
[Black "Agustsson, Johannes"]
[Result "0-1"]
[WhiteElo "2300"]
[BlackElo "2285"]
[EventDate "1988.02.23"]
[PlyCount "78"]

1.Nf3 Nf6 2.c4 e6 3.Nc3 Bb4 4.Qc2 O-O 5.a3 Bxc3 6.Qxc3 a5 7.b3 d6 8.g3 b6 
9.Bg2 Bb7 10.O-O Nbd7 11.d3 Qe7 12.Re1 d5 13.Bb2 dxc4 14.bxc4 Nc5 15.a4 
Na6 16.Reb1 c5 17.Ne5 Bxg2 18.Kxg2 Nb4 19.h4 Ne8 20.h5 f6 21.Ng4 h6 22.Rh1
Rd8 23.Rh4 Rd4 24.Qd2 Rd7 25.f3 Rf7 26.Rah1 Nd6 27.Nxh6+ gxh6 28.Qxh6 e5 
29.Rg4+ Rg7 30.Rhh4 Nf5 31.Rxg7+ Qxg7 32.Qxg7+ Rxg7 33.Rh3 Kh7 34.g4 Ne3+ 
35.Kh1 Nd1 36.Kg2 Nxb2 37.Rh1 Nxa4 38.Ra1 Nc3 39.Rc1 Nxe2 0-1

[Event "13th Reykjavik op"]
[Site "Reykjavik ISL"]
[Date "1988.03.05"]
[Round "10.18"]
[White "Olafsson, David"]
[Black "Bjornsson, Tomas"]
[Result "0-1"]
[WhiteElo "2285"]
[BlackElo "2270"]
[EventDate "1988.02.23"]
[PlyCount "132"]

1.e4 c5 2.Nf3 Nc6 3.d4 cxd4 4.Nxd4 Nf6 5.Nc3 e5 6.Ndb5 d6 7.Bg5 a6 8.Bxf6 
gxf6 9.Na3 b5 10.Nd5 Bg7 11.c3 f5 12.Bd3 Be6 13.Qh5 Rb8 14.Nc2 f4 15.O-O 
Bxd5 16.exd5 Ne7 17.Be4 a5 18.Rfc1 h6 19.g4 Ng8 20.Bf3 Qg5 21.Qxg5 hxg5 
22.a4 bxa4 23.Rxa4 Rxb2 24.Rxa5 e4 25.Bxe4 Bxc3 26.Ra8+ Ke7 27.Ne1 Re2 28.
Nd3 Bd4 29.Rac8 Kf6 30.Bf5 Kg7 31.Kg2 Rd2 32.Rd8 Nh6 33.Rxh8 Nxf5 34.gxf5 
Rxd3 35.h4 gxh4 36.Rxh4 f3+ 37.Kg3 Be5+ 38.Kh3 Rd2 39.Rc3 Rxf2 40.Kg4 Rg2+
41.Kh5 f2 42.Rf3 Kf6 43.Kh6 Bg3 44.Rh3 Rg1 45.Kh7 f1=Q 46.Rxf1 Rxf1 47.
Rxg3 Rxf5 48.Rd3 Ke5 49.Kg7 Ke4 50.Rd1 Ke5 51.Kf8 Rf4 52.Ke7 f5 53.Rh1 Rd4
54.Re1+ Re4 55.Rh1 Re2 56.Rh5 Kxd5+ 57.Kd7 Ke4 58.Kxd6 f4 59.Kc5 Rc2+ 60.
Kb4 f3 61.Rh4+ Ke3 62.Rh8 Ke2 63.Kb3 Rc7 64.Re8+ Kf1 65.Rf8 f2 66.Re8 Rg7 
0-1

[Event "13th Reykjavik op"]
[Site "Reykjavik ISL"]
[Date "1988.03.05"]
[Round "10.23"]
[White "Arnason, Arni Arman"]
[Black "Thorsteinsson, Thorsteinn"]
[Result "1-0"]
[WhiteElo "2215"]
[BlackElo "2295"]
[EventDate "1988.02.23"]
[PlyCount "91"]

1.d4 d5 2.Nf3 e6 3.c4 Nf6 4.Nc3 Nbd7 5.Bg5 Be7 6.e3 O-O 7.Rc1 a6 8.cxd5 
exd5 9.Bd3 Re8 10.O-O c6 11.a3 Nf8 12.Ne5 N6d7 13.Nxd7 Bxd7 14.Bf4 Ne6 15.
Bg3 g6 16.b4 f5 17.Qb3 Kg7 18.Ne2 Rf8 19.Be5+ Bf6 20.Bd6 Rf7 21.a4 Qe8 22.
b5 axb5 23.axb5 Ng5 24.bxc6 bxc6 25.Ra1 Ne4 26.Bxe4 fxe4 27.Nc3 Rc8 28.Na4
Qe6 29.Bg3 Be8 30.Nc5 Qe7 31.Ra6 h5 32.h3 Bh4 33.Bf4 Kg8 34.Rb6 Bd7 35.Rb7
Qe8 36.Qb6 g5 37.Be5 g4 38.g3 gxh3 39.gxh4 Rg7+ 40.Bg3 Qf7 41.Rxd7 Rxg3+ 
42.fxg3 h2+ 43.Kxh2 Qxf1 44.Rd8+ Kh7 45.Qb7+ Kg6 46.Rd6+ 1-0

[Event "13th Reykjavik op"]
[Site "Reykjavik ISL"]
[Date "1988.03.05"]
[Round "10.27"]
[White "Hardarson, Robert"]
[Black "Solmundarson, Magnus"]
[Result "1/2-1/2"]
[WhiteElo "2295"]
[BlackElo "2270"]
[EventDate "1988.02.23"]
[PlyCount "145"]

1.e4 c6 2.d4 d5 3.Nd2 dxe4 4.Nxe4 Nf6 5.Nxf6+ gxf6 6.Nf3 Bg4 7.Bc4 e6 8.
Be3 Nd7 9.Qe2 Nb6 10.Bb3 Nd5 11.h3 Bh5 12.g4 Bg6 13.Nd2 Qc7 14.O-O-O Bd6 
15.Kb1 O-O-O 16.Qf3 h5 17.Ne4 f5 18.Nxd6+ Qxd6 19.Bg5 hxg4 20.hxg4 Rxh1 
21.Rxh1 fxg4 22.Qxg4 Rg8 23.Qh4 b6 24.a3 Kb7 25.Ka1 b5 26.c4 bxc4 27.Bxc4 
Nb6 28.Be7 Qd7 29.Bb3 Rg7 30.Qf6 Rg8 31.Bc5 Nd5 32.Qf3 Qd8 33.Ba4 Qa5 34.
Bb3 Qb5 35.Rg1 Bh5 36.Qxh5 Rxg1+ 37.Ka2 Nc7 38.Qxf7 Qd3 39.a4 Qb1+ 40.Ka3 
Qg6 41.Qxg6 Rxg6 42.Bd6 Rf6 43.Bg3 Rf3 44.Ka2 Nd5 45.Bc4 Kc8 46.Be2 Rf8 
47.Kb3 Kd7 48.Kc4 Rf5 49.b4 Nb6+ 50.Kb3 Nc8 51.Bg4 Rg5 52.f3 Nd6 53.Bf4 
Rg7 54.Be5 Rh7 55.Kc2 Rh1 56.b5 Nf5 57.Bxf5 exf5 58.Bb8 cxb5 59.axb5 Ra1 
60.Kb3 Ke6 61.Kc4 Rc1+ 62.Kd3 Ra1 63.Kc4 Kd7 64.f4 Kc8 65.Be5 Kb7 66.Kd5 
Ra5 67.Ke6 Rxb5 68.d5 a5 69.Kxf5 Rxd5 70.Ke6 Rd3 71.f5 Kc8 72.f6 Rf3 73.f7
1/2-1/2

[Event "13th Reykjavik op"]
[Site "Reykjavik ISL"]
[Date "1988.03.06"]
[Round "11.3"]
[White "Dolmatov, Sergei"]
[Black "Adorjan, Andras"]
[Result "1/2-1/2"]
[WhiteElo "2565"]
[BlackElo "2540"]
[EventDate "1988.02.23"]
[PlyCount "22"]

1.d4 c6 2.c4 d5 3.cxd5 cxd5 4.Nc3 Nf6 5.Nf3 Nc6 6.Bf4 Bf5 7.e3 e6 8.Bd3 
Bxd3 9.Qxd3 Bd6 10.Bxd6 Qxd6 11.O-O O-O 1/2-1/2

[Event "13th Reykjavik op"]
[Site "Reykjavik ISL"]
[Date "1988.03.06"]
[Round "11.4"]
[White "Gausel, Einar"]
[Black "Petursson, Margeir"]
[Result "0-1"]
[WhiteElo "2360"]
[BlackElo "2540"]
[EventDate "1988.02.23"]
[PlyCount "98"]

1.d4 Nf6 2.Nf3 e6 3.c4 b6 4.g3 Ba6 5.Nbd2 Bb7 6.Bg2 c5 7.dxc5 bxc5 8.O-O 
Be7 9.b3 O-O 10.Bb2 d5 11.cxd5 exd5 12.Ne5 Re8 13.Rc1 Na6 14.e3 Rc8 15.
Ndf3 Bd6 16.Nd3 Ne4 17.Nh4 Qd7 18.Nf4 Bxf4 19.gxf4 Rcd8 20.Qh5 d4 21.Rcd1 
Nf6 22.Qf5 Bxg2 23.Qxd7 Rxd7 24.Kxg2 Nb4 25.exd4 Red8 26.Kf3 Nxa2 27.d5 
Nxd5 28.Nf5 f6 29.Rg1 Nab4 30.h4 Kf8 31.h5 Nxf4 32.Rxd7 Rxd7 33.h6 g6 34.
Ng7 Nfd3 35.Ba1 Kf7 36.Bc3 Nd5 37.Ba1 Ne7 38.Bc3 Nc6 39.Ra1 Ndb4 40.Kg2 a5
41.Re1 Re7 42.Rd1 Nd4 43.Rd2 Re4 44.Rd1 Nd5 45.Bxa5 Rg4+ 46.Kh3 f5 47.Bd2 
Ne2 48.Kh2 Rd4 49.Kg2 Ndc3 0-1

[Event "13th Reykjavik op"]
[Site "Reykjavik ISL"]
[Date "1988.03.06"]
[Round "11.10"]
[White "Tisdall, Jonathan"]
[Black "Polgar, Judit"]
[Result "0-1"]
[WhiteElo "2425"]
[BlackElo "2320"]
[EventDate "1988.02.23"]
[PlyCount "66"]

1.Nf3 c5 2.e4 e6 3.d4 cxd4 4.Nxd4 Nf6 5.Nc3 d6 6.g4 h6 7.g5 hxg5 8.Bxg5 
Nc6 9.h4 a6 10.Qd2 Qb6 11.Nb3 Bd7 12.O-O-O O-O-O 13.f4 Kb8 14.Be2 Rc8 15.
Kb1 Nh5 16.f5 Ng3 17.fxe6 Bxe6 18.Rhg1 Nxe2 19.Qxe2 Ne5 20.Nd5 Bxd5 21.
exd5 Qc7 22.Rd4 Be7 23.Rb4 Bxg5 24.hxg5 Ka8 25.a4 Rh3 26.Re4 Rch8 27.a5 
Rh2 28.Rg2 Rh1+ 29.Ka2 Qd7 30.Nd2 R8h4 31.Nf3 Nxf3 32.Qxf3 R1h3 33.Qe2 
Qa4+ 0-1

[Event "13th Reykjavik op"]
[Site "Reykjavik ISL"]
[Date "1988.03.06"]
[Round "11.11"]
[White "Barle, Janez"]
[Black "Einarsson, Halldor"]
[Result "0-1"]
[WhiteElo "2425"]
[BlackElo "2215"]
[EventDate "1988.02.23"]
[PlyCount "64"]

1.e4 c5 2.Nf3 e6 3.b3 d5 4.exd5 exd5 5.Bb2 a6 6.Be2 Nf6 7.O-O Bd6 8.d4 O-O
9.Nc3 Nc6 10.dxc5 Bxc5 11.Na4 Ba7 12.Ne5 Nxe5 13.Bxe5 Re8 14.Bg3 Ne4 15.c4
Bf5 16.Bf3 dxc4 17.bxc4 Qf6 18.Qd5 Nxg3 19.hxg3 Red8 20.Qxb7 Bxf2+ 21.Rxf2
Qxa1+ 22.Kh2 Qd4 23.Rb2 Rac8 24.Bd5 Be6 25.Bxe6 fxe6 26.Rb3 Qf6 27.g4 Rxc4
28.Rf3 Qh4+ 29.Rh3 Qxg4 30.Nb6 Rc5 31.Rf3 Qh4+ 32.Rh3 Qf4+ 0-1

[Event "13th Reykjavik op"]
[Site "Reykjavik ISL"]
[Date "1988.03.06"]
[Round "11.12"]
[White "Stefansson, Hannes Hlifar"]
[Black "Agustsson, Johannes"]
[Result "1/2-1/2"]
[WhiteElo "2395"]
[BlackElo "2285"]
[EventDate "1988.02.23"]
[PlyCount "22"]

1.e4 c5 2.Nf3 e6 3.d4 cxd4 4.Nxd4 Nf6 5.Nc3 d6 6.Bc4 Be7 7.Be3 O-O 8.Qe2 
d5 9.exd5 exd5 10.Bb3 Bb4 11.O-O Bxc3 1/2-1/2

[Event "13th Reykjavik op"]
[Site "Reykjavik ISL"]
[Date "1988.03.06"]
[Round "11.17"]
[White "Karason, Askell Orn"]
[Black "Arnason, Asgeir Thor"]
[Result "0-1"]
[WhiteElo "2235"]
[BlackElo "2300"]
[EventDate "1988.02.23"]
[PlyCount "124"]

1.d4 g6 2.e4 Bg7 3.Nf3 d6 4.c3 Nd7 5.Bc4 e6 6.O-O Ne7 7.Re1 O-O 8.Bf1 b6 
9.Na3 Bb7 10.Nc4 d5 11.exd5 Bxd5 12.Nce5 Nxe5 13.Nxe5 Nf5 14.Bf4 Bb7 15.
Bc4 Nd6 16.Bd3 Rc8 17.a4 a5 18.Qe2 Re8 19.Rad1 Qe7 20.Ba6 Bxa6 21.Qxa6 Qf6
22.Bg3 h5 23.Nf3 Qf5 24.Be5 Bxe5 25.dxe5 Ne4 26.Qc4 Ng5 27.Nxg5 Qxg5 28.
Rd7 Red8 29.h4 Qg4 30.Qxg4 hxg4 31.Red1 Rxd7 32.Rxd7 Kf8 33.Kf1 Ke8 34.Rd4
c5 35.Rxg4 Rd8 36.Ke2 Rd5 37.Re4 Kd7 38.f4 Kc6 39.g4 Rd8 40.Kf3 Rh8 41.Kg3
Kd5 42.Re2 Kc4 43.Rd2 Kb3 44.Rd7 Kxb2 45.Rxf7 b5 46.axb5 a4 47.f5 gxf5 48.
gxf5 exf5 49.Rxf5 a3 50.e6 Rg8+ 51.Rg5 Re8 52.Kf4 Rxe6 53.c4 a2 54.Rg2+ 
Kb3 55.Rg1 Kxc4 56.h5 Kb3 57.Kf5 Rb6 58.Rg3+ Kb4 59.Rg1 c4 60.Ke4 Kb3 61.
Kd4 c3 62.Kc5 Rh6 0-1

[Event "13th Reykjavik op"]
[Site "Reykjavik ISL"]
[Date "1988.03.06"]
[Round "11.21"]
[White "Olafsson, David"]
[Black "Arnason, Throestur"]
[Result "1-0"]
[WhiteElo "2285"]
[BlackElo "2235"]
[EventDate "1988.02.23"]
[PlyCount "53"]

1.e4 e6 2.d4 d5 3.e5 c5 4.c3 Nc6 5.Nf3 Qb6 6.Be2 Nge7 7.dxc5 Qc7 8.O-O 
Nxe5 9.Nxe5 Qxe5 10.b4 Bd7 11.Re1 Qc7 12.a4 g6 13.Bg5 Bg7 14.Qd2 h6 15.Be3
Kf8 16.Na3 a5 17.Nb5 Qd8 18.Ra3 e5 19.Nd6 axb4 20.cxb4 d4 21.Qa2 Be6 22.
Bc4 Qd7 23.Bxd4 exd4 24.Rxe6 fxe6 25.Bxe6 Qd8 26.Bd7 Nd5 27.Qxd5 1-0

[Event "13th Reykjavik op"]
[Site "Reykjavik ISL"]
[Date "1988.03.06"]
[Round "11.23"]
[White "Solmundarson, Magnus"]
[Black "Arnason, Arni Arman"]
[Result "1-0"]
[WhiteElo "2270"]
[BlackElo "2215"]
[EventDate "1988.02.23"]
[PlyCount "123"]

1.d4 e6 2.Nf3 d5 3.c4 Nf6 4.cxd5 exd5 5.Bg5 h6 6.Bxf6 Qxf6 7.Nc3 c6 8.e3 
Bd6 9.Bd3 Bg4 10.h3 Bh5 11.g4 Bg6 12.Bxg6 fxg6 13.Nd2 Nd7 14.Qf3 Qh4 15.
Qg2 Rf8 16.Rf1 O-O-O 17.O-O-O Rde8 18.Rde1 Qf6 19.Kb1 Bb4 20.Rc1 Kb8 21.a3
Bd6 22.Rce1 g5 23.f3 Qg6+ 24.Ka2 Nb6 25.Rf2 Qd3 26.Nd1 Re7 27.Qf1 Qg6 28.
Qg2 Qd3 29.Qf1 Qg6 30.Qg2 Rfe8 31.e4 Bf4 32.Nc3 Qf6 33.Nb3 Nc4 34.Rfe2 Nb6
35.exd5 Nxd5 36.Nxd5 cxd5 37.Rxe7 Rxe7 38.Rxe7 Qxe7 39.Qc2 a6 40.Qf5 Qd6 
41.Qf7 b6 42.Qg8+ Kb7 43.Qxg7+ Kb8 44.Qg8+ Kb7 45.Qh7+ Kb8 46.Qd3 Kb7 47.
Na1 a5 48.Nc2 Qe6 49.a4 Qd7 50.Qb3 Qe6 51.Na3 Bd6 52.Nb5 Bb4 53.Qc2 Qf7 
54.Qe2 Kb8 55.Qe5+ Kb7 56.Qd6 Bd2 57.Qxh6 Bf4 58.Qxg5 Bg3 59.Nc3 Qxf3 60.
Qxd5+ Qxd5+ 61.Nxd5 Kc6 62.Nc3 1-0